00324 2200145 4500001002100000005001500021035002000036245003700056100002200093300001200115260001700127082000800144084001400152990001200166INLIS00000000000201220250527084646 a0010-05250003041 aOrang Malam /cSeni Fand Maulana0 aSeni Fand Maulana a206 hlm bPress,c2005 a813 a813 SEN o a0712670